000 00751 a2200205 4500
999 _c4444
_d4444
010 _aENG-86368
020 _a9788175345799
_c250.00
035 _aEN-69901
037 _bDBAD / PUB
082 1 4 _a344.5401
100 1 _aKumar, H.L.
245 1 _aLaw relating to disciplinary proceedings in industries /
_cby H.L. Kumar [and] Gaurav Kumar
250 _a5th ed.
260 _aDelhi
_bUniversal Law Publishing
_c2007
270 _aC-FF-1A, Dilkhush Industrial Estate, (Opp. Hans Cinema, Azadpur), G.T. Karnal Road,
_bDelhi
_cNew Delhi
_e110 033
_k011-27438103
_l011-27458529
_msales@unilawbooks.com
300 _axlix, 296p.
_c22cm (Pbk.)
500 _aIncludes index
700 _aGaurav Kumar
942 _adpl
_cEN
_2ddc
_h344.5401
_mKUM